| 000 | 00848nam a22001577a 4500 | ||
|---|---|---|---|
| 003 | OSt | ||
| 005 | 20151025092833.0 | ||
| 008 | 151025b xxu||||| |||| 00| 0 eng d | ||
| 040 | _cRUA | ||
| 082 | _aAVM KHU 2013 B108 Or.1 | ||
| 100 |
_92843 _aKHUN, CHANTHEARA. |
||
| 245 | _aEffect of betaine (supplementation) on growth performance of avian broiler at the animal experimental station in royal university of agriculture, ឥទ្ធិពលនៃការបន្ថែមBETAINE ក្នុងចំណីផ្សំលើការលូតលាស់របស់មាន់សាច់ពូជAVIAN នៅស្ថានីយពិសោធន៍សត្វនៃសាកលវិទ្យាល័យភូមិន្ទកសិកម្ម | ||
| 260 |
_aPhnom Penh _bRUA _c2013 |
||
| 300 |
_ax; 45p. _bill. _c29cm. |
||
| 942 |
_2ddc _cAVM |
||
| 999 |
_c2661 _d2661 |
||